Planeación y control de la producción

Bibliographic Details
Main Author: Sipper, Daniel
Format: Section = Libro
Language:Undetermined
Spanish
Published: México McGraw-Hill 1998
Subjects:
LEADER 00644nam a2200217Ia 4500
008 240829s9999 xx 000 0 und d
020 |a 970-10-1944-X 
040 |a BIBLIOTECA-RUPAP 658.5 S612 
041 |a spa 
082 |a 658.5 S612 
100 1 |a Sipper, Daniel  
245 1 0 |a Planeación y control de la producción 
260 |a México  |b McGraw-Hill  |c 1998 
300 |a 657 p. :il. 
650 7 |a ADMINISTRACION DE LA PRODUCCION 
650 7 |b  CONTROL DE LA PRODUCCION 
650 7 |c  SISTEMAS DE PRODUCCION 
650 7 |d  PROGRAMACION DE OPERACIONES. I. Bulfin, Robert L, coaut. II. Tít. 
942 |c BK  |2 ddc 
991 |a TEXTO 
999 |c 9965